LEADER 01213nam a2200325 i 4500 001 991000969489707536 005 20020507180810.0 008 940721s1993 it ||| | ita 020 $a8871315871 035 $ab10782771-39ule_inst 035 $aLE01305051$9ExL 040 $aDip.to Matematica$beng 082 0 $a001.6425 084 $aAMS 68U30 084 $aCR H.5.2 100 1 $aNelson, Ross$0492137 245 10$aGuida all'uso di Visual Basic per windows[ :$bversioni 2.0 e 3.0] /$cRoss Nelson 250 $aEd. ital 260 $aMilano :$bMondadori Informatica,$c1993 300 $axx, 347 p. ;$c24 cm. 500 $aEngl. ed. - 1993. 500 $a"La guida Microsoft per imparare a usare il sistema di programmazione Visual Basic per Windows" - Coper. 500 $aOrig. tit.: Running Visual Basic for Windows 650 4$aComputing methodologies 907 $a.b10782771$b21-09-06$c28-06-02 912 $a991000969489707536 945 $aLE013 68U NEL11 (1993)$g1$i2013000009100$lle013$o-$pE0.00$q-$rn$s- $t1$u2$v0$w2$x0$y.i1088256x$z28-06-02 996 $aGuida all'uso di Visual Basic per Windows$9330994 997 $aUNISALENTO 998 $ale013$b01-01-94$cm$da $e-$fita$git $h0$i1 LEADER 01133nam0 22002653i 450 001 VAN0280196 005 20240731113612.860 010 $a978-88-634-2929-9 100 $a20240731d2016 |0itac50 ba 101 $aita 102 $aIT 105 $a|||| ||||| 200 1 $aRazza e etnia$ela discriminazione tra individuo e gruppo nella dimensione costituzionale e sovranazionale$fCostanza Nardocci 210 $aNapoli$cEditoriale scientifica$d2016 215 $aXIII, 481 p.$d24 cm 410 1$1001VAN0099084$12001 $aSovranità, federalismo, diritti$fdiretta da Giorgio Grasso$1210 $aNapoli$cEditoriale scientifica$v6 620 $dNapoli$3VANL000005 700 1$aNardocci$bCostanza$3VANV232768$0742252 712 $aEditoriale scientifica $3VANV107979$4650 801 $aIT$bSOL$c20240802$gRICA 899 $aBIBLIOTECA DEL DIPARTIMENTO DI GIURISPRUDENZA$1IT-CE0105$2VAN00 912 $aVAN0280196 950 $aBIBLIOTECA DEL DIPARTIMENTO DI GIURISPRUDENZA$d00CONS F.G.250 $e00FG 250 20240731 996 $aRazza e etnia$92784229 997 $aUNICAMPANIA